[Event "Romanian-ch Open 2022"]
[Site "Eforie Nord"]
[Date "2022.02.22"]
[Round "4.4"]
[White "Filip, Andrei"]
[Black "Miron, Lucian-Costin"]
[Result "1/2-1/2"]
[WhiteElo "2216"]
[BlackElo "2511"]
[Annotator "TA"]
[PlyCount "62"]
[EventDate "2022.02.20"]
[EventType "swiss"]
[EventCountry "ROU"]
[SourceTitle "playchess.com"]
[Source "ChessBase"]
[SourceQuality "1"]

{[%evp 16,62,20,22,33,28,27,42,23,27,38,0,45,39,45,40,106,105,114,112,102,102,124,111,121,101,108,101,115,114,125,102,112,102,124,89,91,68,68,68,71,16,16,17,17,12,12,12,12]} 1. e4 c5 2. Nf3 d6 3. Bb5+ Nc6 4. O-O Bd7 5. Re1 Nf6 6. c3 {[%cal Bc2c3,Bc3d4,Bd4d5][%mdl 32]} a6 7. Bf1 Bg4 8. d4 cxd4 9. cxd4 e5 {B51: Sicilian: Moscow Variation (3 Bb5+) without 3...Bd7.} 10. d5 Nd4 11. Be3 Nxf3+ {White is slightly better.} 12. gxf3 Bd7 13. Nc3 Be7 (13... Rb8 $11 {was preferrable.}) 14. Na4 $1 $14 {[#]} Bxa4 $146 ({Predecessor:} 14... O-O 15. Nb6 Rb8 16. Rc1 Nh5 17. Qc2 Bg5 18. Qc7 Bxe3 19. fxe3 Qg5+ 20. Kh1 Bb5 {½-½ (47) Golubov,S (2362)-Kryakvin,D (2544) Moscow 2015}) 15. Qxa4+ Qd7 (15... Nd7 $14) 16. Qxd7+ $16 Nxd7 17. Rac1 Bd8 {Inhibits Rc7.} 18. Bh3 Ke7 19. Rc2 {White is much more active. Black has bad knights.} Nc5 20. Bxc5 dxc5 21. Rxc5 Kd6 22. Rec1 Rb8 23. R1c2 Bb6 24. R5c4 Rhf8 25. a4 {[%cal Ba2a4,Ba4a5][%mdl 32]} g6 26. b4 f5 27. a5 Bd8 28. Rc8 ({Better is} 28. Kg2 $16) 28... Rxc8 $11 {The position is equal.} 29. Rxc8 Be7 30. Rxf8 Bxf8 31. Bf1 Kc7 {Weighted Error Value: White=0.12 (very precise) /Black=0.12 (very precise)} 1/2-1/2

[Event "Romanian-ch Open 2022"]
[Site "Eforie Nord"]
[Date "2022.02.22"]
[Round "4.5"]
[White "Szabo, Gergely-Andras-Gyula"]
[Black "Patrascu, Catalin-Lucian"]
[Result "1-0"]
[WhiteElo "2524"]
[BlackElo "2310"]
[Annotator "TA"]
[PlyCount "141"]
[EventDate "2022.02.20"]
[EventType "swiss"]
[EventCountry "ROU"]
[SourceTitle "playchess.com"]
[Source "ChessBase"]
[SourceQuality "1"]

{[%evp 23,140,21,23,0,0,0,6,0,0,0,0,0,16,18,24,25,41,0,7,21,70,62,52,47,55,55,54,52,61,50,81,60,71,54,53,44,62,62,62,63,74,50,50,28,16,18,35,15,20,23,39,0,94,104,194,206,556,566,617,522,515,497,471,520,527,539,539,531,534,532,516,508,680,671,683,623,669,661,705,683,720,722,909,658,1442,1315,1714,1706,2005,1987,1653,1460,1373,1325,1802,1806,1937,1890,2621,2341,29980,29981,29987,29988,29989,29990,29990,29991,29992,29993,29994,29995,29995,29996,29996,29997,29998,29999,29999]} 1. e4 c5 2. Nf3 e6 3. d4 cxd4 4. Nxd4 Nc6 5. Nc3 Qc7 6. Be2 a6 7. O-O Nf6 8. Be3 Be7 9. f4 d6 10. Kh1 O-O 11. Qe1 Bd7 12. Qg3 Kh8 13. Nxc6 {B85: Sicilian Scheveningen: 6 Be2 a6, lines with early Be3.} (13. Nb3 {with more complications.} e5 14. Rad1 exf4 15. Qxf4 Ne5 16. Nd4) 13... Bxc6 14. Bd4 Rad8 15. Bd3 {[#] The position is equal.} b5 $146 ({Predecessor:} 15... Rg8 16. Rad1 h6 17. Qh3 e5 18. Be3 Qc8 19. f5 b5 20. Rf3 b4 21. Nd5 Bxd5 22. exd5 {1-0 (48) Garcia Martinez,S-Portisch,L Portoroz/Ljubljana 1975}) 16. a3 Qb7 17. Rae1 b4 18. axb4 Qxb4 19. Ne2 Rg8 20. e5 ({Don't play} 20. Bxa6 Nxe4 21. Qe3 Nc5 $17) (20. Qe3 $14) 20... dxe5 21. fxe5 {Threatens to win with c3.} Ne4 (21... Rxd4 $11 {is superior.} 22. Nxd4 Qxd4) 22. Bxe4 Bxe4 23. Rxf7 {c3 is the strong threat.} Rdf8 {[#]} 24. c3 $1 Qb7 25. Rxf8 Rxf8 26. Nf4 Qc6 27. b4 {[%cal Of4e6]} Bf5 28. h3 {White is more active.} Qc4 {[%cal Oe7b4]} 29. Qe3 Rc8 30. Kh2 h6 31. Nh5 Bg5 32. Qg3 Rc7 33. Nf4 Rf7 34. h4 Bd8 35. Re3 Kh7 36. Rf3 Be7 {[%cal Oe7b4]} 37. h5 Bg5 {[#]} (37... Bxb4 $1 $11 38. Nxe6 Qxe6 39. cxb4 Qd5) 38. Nh3 $1 $16 {Black is on the road to losing.} Be7 {[#]} (38... Bd8 $16) 39. Qf2 $1 $18 {[%cal Og2g4] aiming for g4!} Qd5 $2 (39... Rf8 {is more resistant.} 40. g4 Bxg4 41. Rxf8 Bxf8) 40. g4 Bh4 41. Qe3 ({Stronger than} 41. Qxh4 Qxf3 42. gxf5 Rxf5 $11) 41... Qa2+ 42. Kg1 Bg3 43. Rxg3 Qb1+ 44. Kh2 {[%cal Bg1h2,Bh2g3,Bg3f3,Bf3e3,Be3d3][%mdl 32]} Be4 {[%csl Ge4][%cal Rb1h1]} 45. Rg1 {Prevents Qh1+.} Qc2+ 46. Nf2 Kh8 47. Kg3 Rf3+ 48. Qxf3 Bxf3 49. Kxf3 Qa2 50. Ke3 Kh7 51. Kd3 Qd5 52. c4 Qf3+ 53. Be3 {Black must now prevent Ne4.} Qb7 54. Rb1 a5 55. b5 a4 56. Ra1 Qa8 57. Ra3 Qa5 58. Ne4 Qb4 59. Ra1 Qb2 60. Bd4 Qg2 61. b6 {b7 would kill now.} Qf3+ 62. Be3 {White mates.} Qf7 63. Nd6 Qd7 64. b7 Qc7 65. Rxa4 Qc6 66. Ra8 Qf3 67. b8=Q {[%csl Ga8][%cal Rb8h8]} Qd1+ 68. Kc3 {[%csl Ga8][%cal Rb8h8]} Qe1+ 69. Kd4 {[%csl Ga8][%cal Rb8g8]} Qxe3+ 70. Kxe3 {[%csl Ga8][%cal Rb8h8]} g5 71. Qg8# {Weighted Error Value: White=0.09 (flawless) /Black=0.29 (precise)} 1-0

[Event "Romanian-ch Open 2022"]
[Site "Eforie Nord"]
[Date "2022.02.22"]
[Round "4.6"]
[White "Bonte, Andrei-Mihai"]
[Black "Gavrilescu, David"]
[Result "1/2-1/2"]
[WhiteElo "2349"]
[BlackElo "2512"]
[Annotator "TA"]
[PlyCount "170"]
[EventDate "2022.02.20"]
[EventType "swiss"]
[EventCountry "ROU"]
[SourceTitle "playchess.com"]
[Source "ChessBase"]
[SourceQuality "1"]

{[%evp 9,170,18,15,32,44,8,18,0,4,0,36,29,37,22,29,28,45,41,35,27,36,35,38,38,37,44,37,20,34,33,41,30,36,21,16,16,38,45,51,19,21,0,0,0,0,0,0,0,3,0,0,0,14,3,8,2,9,7,10,11,13,-8,0,-4,-4,-37,-37,-37,38,22,51,-50,-52,-95,-95,-95,-110,-96,-96,-96,-96,-189,-197,-154,-93,-97,-88,-95,8,8,8,8,8,1,14,8,8,8,14,10,10,0,0,0,0,0,0,-8,-8,-8,-8,-8,-8,-8,-8,-8,-8,-8,-8,-8,-8,-8,-8,-8,-8,-8,-8,-8,0,0,0,0,0,0,0,0,0,0,0,0,0,0,0,-8,0,0,0,0,0,0,0,0,0,0,0,0,0,-8,0,-8,-8,-8,-8]} 1. d4 d5 2. c4 e6 3. Nc3 a6 4. cxd5 exd5 5. Nf3 c6 6. Bf4 {D31: Queen's Gambit Declined: Semi-Slav without ...Nf6 (+ Marshall Gambit and Noteboom) and Exchange Variation lines without ...Nf6.} Bd6 7. Bg3 Ne7 8. e3 O-O 9. Qb3 b5 {[#]} 10. a4 $146 {[%cal Ra4b5]} ({Predecessor:} 10. Be2 Bg4 11. Rc1 Re8 12. Bxd6 Qxd6 13. Ne5 Bxe2 14. Nxe2 Rc8 15. Nd3 Nd7 16. O-O {1-0 (55) Balla,T (2352)-Visanescu,D (2075) Arad 2018}) 10... b4 11. Na2 {[%cal Bc3a2,Ba2c1,Bc1e2][%mdl 32]} a5 12. Nc1 c5 13. dxc5 Bxc5 14. Qc2 Bb6 15. Bd3 (15. Ng5 g6 $11) 15... h6 16. O-O Nbc6 17. Ne2 Bg4 18. Rfd1 Bc7 19. Rac1 {Hoping for Bxc7.} Bxg3 20. hxg3 Qd6 21. Bb5 {[%cal Rb5c6]} Rac8 22. Qd2 Rfd8 23. Nfd4 Ne5 24. Rxc8 (24. f3 $5 {[%cal Rf3g4]}) 24... Rxc8 25. b3 Bxe2 26. Nxe2 Ng4 27. f3 Nf6 28. g4 h5 29. gxh5 Nxh5 30. e4 Qc5+ 31. Qd4 dxe4 32. Qxc5 Rxc5 33. fxe4 Nf6 {Prevents Rd7.} 34. Rd8+ Kh7 35. Ra8 Nxe4 36. Rxa5 Ng6 37. Ra7 Ne5 $1 {To avoid Bd3} 38. Re7 {[%cal Ob5d3]} Nd2 (38... Kh6 $15) 39. Nd4 $14 Ng4 40. Bd3+ (40. Rxf7 $2 Rc1+ 41. Bf1 Nf6 $19) (40. Re1 $1 $14) 40... Kh6 $15 {( -> ...Rc1+)} 41. Re1 {To avoid Rc1} ({Wrong is} 41. Rxf7 $2 Rc1+ 42. Bf1 Nf6 $19) (41. Nc2 $15 {is superior.}) 41... Rd5 $17 42. Nf5+ Kg5 43. Bc2 {[#]} g6 $1 (43... Rxf5 $2 44. Bxf5 Kxf5 45. a5 $18) 44. Ng3 f5 45. Ra1 (45. Bd1 $17 {was necessary.}) 45... Ne3 $19 46. Ra2 Rc5 (46... f4 $142 47. Ne4+ Kh4) 47. a5 $17 {[%cal Oa5a6]} Nxc2 {Pair of Knights!} (47... Rxc2 $2 48. Rxc2 Nxc2 49. a6 $18) 48. a6 {a7 is the strong threat.} Rc7 ({Reject} 48... Nxb3 $6 49. a7 Rc8 50. a8=Q (50. Rxc2 Ra8 $17) 50... Rxa8 51. Rxa8 $15) (48... Rc8 $17 49. a7 {[#]} Ra8 $1 50. Rxc2 Nxb3) 49. a7 $11 {The position is equal.} Rxa7 50. Rxa7 {Black must now prevent Ra2.} Nxb3 {[%mdl 4096] Endgame KRN-KNN} 51. Ne2 Nd2 52. Rd7 {[%mdl 1024] White has compensation.} Nc4 53. Nd4 Ne1 54. Rb7 Ne3 55. Nf3+ Nxf3+ 56. gxf3 {KR-KN} Nc2 57. Kf2 Kf4 58. Rc7 b3 59. Rb7 Nd4 60. Rb4 Ke5 {aiming for ...g5.} 61. Rb6 g5 {Threatens to win with ...f4.} 62. Ke3 $1 f4+ 63. Kd3 $1 Nxf3 {Strongly threatening ...Nd4.} 64. Rb5+ Kf6 65. Ke4 Nd2+ 66. Kd3 Nf1 67. Rxb3 Kf5 68. Ke2 Nh2 69. Rb5+ Kg4 70. Kf2 Nf3 71. Rb8 Nd2 72. Rb4 Nf3 73. Rb8 Ne5 74. Re8 Kf5 75. Ra8 g4 {[%cal Bg5g4,Bg4g3][%mdl 32]} 76. Ra5 g3+ 77. Kg2 Ke4 78. Ra8 Ng6 79. Ra4+ Ke5 80. Ra5+ Ke4 81. Ra4+ Kf5 82. Kh3 Ne5 83. Ra3 Ke4 84. Rxg3 fxg3 85. Kxg3 Kd5 {Weighted Error Value: White=0.09 (flawless) /Black=0.12 (very precise)} 1/2-1/2

[Event "Romanian-ch Open 2022"]
[Site "Eforie Nord"]
[Date "2022.02.22"]
[Round "4.7"]
[White "Nevednichy, Vladislav"]
[Black "Magold, Filip"]
[Result "1-0"]
[WhiteElo "2498"]
[BlackElo "2204"]
[Annotator "ChessBase"]
[PlyCount "87"]
[EventDate "2022.02.20"]
[EventType "swiss"]
[EventCountry "ROU"]
[SourceTitle "playchess.com"]
[Source "ChessBase"]
[SourceQuality "1"]
[TimeControl "40/5400+30:900+30"]

1. e4 {[%emt 0:00:03]} c5 {[%emt 0:00:05]} 2. Nf3 {[%emt 0:00:07]} d6 {[%emt 0:00:10]} 3. d4 {[%emt 0:00:04]} cxd4 {[%emt 0:00:04]} 4. Nxd4 {[%emt 0:00:04]} Nf6 {[%emt 0:00:06]} 5. Nc3 {[%emt 0:00:03]} a6 {[%emt 0:00:04]} 6. a4 {[%emt 0:00:06]} g6 {[%emt 0:01:33]} 7. Be2 {[%emt 0:00:05]} Bg7 {[%emt 0:00:18]} 8. O-O {[%emt 0:00:10]} O-O {[%emt 0:01:24]} 9. Be3 {[%emt 0:00:09]} Nbd7 {[%emt 0:00:33]} 10. a5 {[%emt 0:01:39]} Qc7 {[%emt 0:00:36]} 11. f3 {[%emt 0:14:05]} e6 {[%emt 0:03:06]} 12. Qd2 {[%emt 0:05:52]} h5 {[%emt 0:13:54]} 13. Rfd1 {[%emt 0:03:57]} Re8 {[%emt 0:06:09]} 14. Nb3 {[%emt 0:06:28]} d5 {[%emt 0:02:32]} 15. exd5 {[%emt 0:03:29]} exd5 {[%emt 0:02:15]} 16. Bf4 {[%emt 0:01:37]} Ne5 {[%emt 0:05:53]} 17. Na4 {[%emt 0:06:39]} Bf5 {[%emt 0:07:04]} 18. Nd4 {[%emt 0:01:37]} Bd7 {[%emt 0:00:15]} 19. Nb6 {[%emt 0:02:53]} Rad8 {[%emt 0:00:09]} 20. Rac1 {[%emt 0:15:22]} Qc5 {[%emt 0:02:04]} 21. b4 {[%emt 0:01:00]} Qe7 {[%emt 0:00:58]} 22. Bg5 {[%emt 0:01:20]} Bc8 {[%emt 0:25:52]} 23. Re1 {[%emt 0:02:31]} Qd6 {[%emt 0:03:07]} 24. c3 {[%emt 0:01:40]} Ned7 {[%emt 0:07:12]} 25. Na4 {[%emt 0:07:21]} Kh7 {[%emt 0:03:29]} 26. Rcd1 {[%emt 0:01:39]} Ne5 {[%emt 0:00:37]} 27. Nb6 {[%emt 0:01:18]} Nc6 {[%emt 0:02:27]} 28. Bf4 {[%emt 0:02:03]} Ne5 {[%emt 0:01:27]} 29. Bg5 {[%emt 0:00:59]} Nc6 {[%emt 0:00:04]} 30. Nb3 {[%emt 0:05:32]} Bf5 {[%emt 0:01:36]} 31. Bf4 {[%emt 0:03:36]} Qf8 {[%emt 0:01:39]} 32. Bg5 {[%emt 0:04:39]} Qd6 {[%emt 0:02:56]} 33. g3 {[%emt 0:01:59]} d4 {[%emt 0:01:52]} 34. Nxd4 {[%emt 0:00:28]} Nxd4 {[%emt 0:00:05]} 35. cxd4 {[%emt 0:00:13]} Nd5 {[%emt 0:00:54]} 36. Bxd8 {[%emt 0:03:00]} Rxd8 {[%emt 0:00:02]} 37. Nxd5 {[%emt 0:00:58]} Qxd5 {[%emt 0:00:02]} 38. Kg2 {[%emt 0:00:38]} h4 {[%emt 0:00:20]} 39. Qf4 {[%emt 0:03:23]} h3+ {[%emt 0:00:26]} 40. Kf1 {[%emt 0:00:00]} Bxd4 {[%emt 0:00:00]} 41. Rd2 {[%emt 0:03:36]} Re8 {[%emt 0:16:29]} 42. Qxd4 {[%emt 0:02:09]} Qb3 {[%emt 0:00:09]} 43. g4 {[%emt 0:00:46]} Rxe2 {[%emt 0:01:14]} 44. Kxe2 {[%emt 0:00:10]} 1-0

[Event "Romanian-ch Open 2022"]
[Site "Eforie Nord"]
[Date "2022.02.22"]
[Round "4.8"]
[White "Stepanencu, Nicodim-Cosmin"]
[Black "Manolache, Marius"]
[Result "0-1"]
[WhiteElo "2334"]
[BlackElo "2485"]
[Annotator "ChessBase"]
[PlyCount "138"]
[EventDate "2022.02.20"]
[EventType "swiss"]
[EventCountry "ROU"]
[SourceTitle "playchess.com"]
[Source "ChessBase"]
[SourceQuality "1"]
[TimeControl "40/5400+30:900+30"]

1. e4 {[%emt 0:00:03]} c5 {[%emt 0:00:11]} 2. Nf3 {[%emt 0:00:06]} e6 {[%emt 0:00:05]} 3. d4 {[%emt 0:00:10]} cxd4 {[%emt 0:00:05]} 4. Nxd4 {[%emt 0:00:05]} a6 {[%emt 0:00:07]} 5. Nc3 {[%emt 0:00:12]} Qc7 {[%emt 0:00:06]} 6. Qd3 {[%emt 0:00:25]} Nf6 {[%emt 0:03:24]} 7. Qg3 {[%emt 0:00:16]} Qxg3 {[%emt 0:05:19]} 8. hxg3 {[%emt 0:00:03]} Bc5 {[%emt 0:00:58]} 9. Nb3 {[%emt 0:02:19]} Ba7 {[%emt 0:03:24]} 10. f3 {[%emt 0:03:07]} Nc6 {[%emt 0:03:49]} 11. Bf4 {[%emt 0:05:41]} d5 {[%emt 0:09:26]} 12. exd5 {[%emt 0:01:38]} Nb4 {[%emt 0:23:45]} 13. O-O-O {[%emt 0:00:39]} Nfxd5 {[%emt 0:00:35]} 14. Nxd5 {[%emt 0:11:49]} Nxd5 {[%emt 0:00:06]} 15. Be5 {[%emt 0:00:03]} Ne3 {[%emt 0:02:53]} 16. Rd3 {[%emt 0:00:47]} f6 {[%emt 0:00:35]} 17. Bd4 {[%emt 0:14:46]} Bxd4 {[%emt 0:06:15]} 18. Nxd4 {[%emt 0:03:14]} Nxf1 {[%emt 0:00:11]} 19. Rxf1 {[%emt 0:00:01]} e5 {[%emt 0:00:10]} 20. Nb3 {[%emt 0:01:04]} Bf5 {[%emt 0:00:23]} 21. Rd6 {[%emt 0:00:43]} Rc8 {[%emt 0:04:39]} 22. Rf2 {[%emt 0:13:43]} Rc7 {[%emt 0:03:17]} 23. Na5 {[%emt 0:01:35]} h5 {[%emt 0:02:16]} 24. b3 {[%emt 0:18:57]} h4 {[%emt 0:05:02]} 25. g4 {[%emt 0:01:19]} Ke7 {[%emt 0:01:26]} 26. Rb6 {[%emt 0:03:38]} Bc8 {[%emt 0:00:07]} 27. g5 {[%emt 0:10:10]} Rd8 {[%emt 0:16:01]} 28. gxf6+ {[%emt 0:03:29]} gxf6 {[%emt 0:00:07]} 29. f4 {[%emt 0:03:58]} e4 {[%emt 0:04:25]} 30. Re2 {[%emt 0:00:01]} Rd4 {[%emt 0:00:36]} 31. Kb2 {[%emt 0:01:27]} Bg4 {[%emt 0:01:01]} 32. Re3 {[%emt 0:00:20]} f5 {[%emt 0:01:56]} 33. Nc4 {[%emt 0:00:19]} Kf8 {[%emt 0:00:37]} 34. c3 {[%emt 0:00:50]} Rd1 {[%emt 0:00:15]} 35. Rh6 {[%emt 0:00:22]} Rg1 {[%emt 0:02:12]} 36. Rxh4 {[%emt 0:00:02]} Rxg2+ {[%emt 0:00:15]} 37. Ka3 {[%emt 0:00:01]} b5 {[%emt 0:00:55]} 38. Ne5 {[%emt 0:01:12]} a5 {[%emt 0:00:36]} 39. Rh8+ {[%emt 0:00:25]} Kg7 {[%emt 0:00:23]} 40. Ra8 {[%emt 0:00:00]} Rxc3 {[%emt 0:00:00]} 41. Ra7+ {[%emt 0:02:09]} Kh6 {[%emt 0:03:11]} 42. Ra6+ {[%emt 0:06:52]} Kh5 {[%emt 0:02:24]} 43. Ra7 {[%emt 0:01:25]} b4+ {[%emt 0:04:14]} 44. Ka4 {[%emt 0:00:01]} Kh6 {[%emt 0:00:20]} 45. Re1 {[%emt 0:04:02]} Rxa2+ {[%emt 0:03:55]} 46. Kb5 {[%emt 0:00:01]} Rd2 {[%emt 0:00:43]} 47. Rh1+ {[%emt 0:03:58]} Rh3 {[%emt 0:01:04]} 48. Rc1 {[%emt 0:00:57]} Rc3 {[%emt 0:02:46]} 49. Rh1+ {[%emt 0:00:15]} Bh3 {[%emt 0:00:13]} 50. Ra6+ {[%emt 0:01:06]} Kh5 {[%emt 0:01:39]} 51. Rf6 {[%emt 0:00:43]} Kh4 {[%emt 0:01:07]} 52. Rh6+ {[%emt 0:00:28]} Kg3 {[%emt 0:00:05]} 53. R1xh3+ {[%emt 0:00:32]} Kxf4 {[%emt 0:00:45]} 54. Ng6+ {[%emt 0:00:16]} Kg4 {[%emt 0:00:31]} 55. R3h4+ {[%emt 0:00:40]} Kg5 {[%emt 0:00:43]} 56. R4h5+ {[%emt 0:00:06]} Kg4 {[%emt 0:00:36]} 57. Rh4+ {[%emt 0:00:51]} Kf3 {[%emt 0:00:31]} 58. Rh3+ {[%emt 0:00:38]} Ke2 {[%emt 0:00:16]} 59. Rh1 {[%emt 0:00:29]} Kd3 {[%emt 0:00:39]} 60. Ne5+ {[%emt 0:00:30]} Kc2 {[%emt 0:00:17]} 61. Nc4 {[%emt 0:00:27]} e3 {[%emt 0:01:22]} 62. Rc6 {[%emt 0:00:34]} f4 {[%emt 0:00:33]} 63. Ra1 {[%emt 0:00:29]} Kxb3 {[%emt 0:00:30]} 64. Nxd2+ {[%emt 0:00:25]} exd2 {[%emt 0:00:05]} 65. Rd6 {[%emt 0:00:03]} Rc1 {[%emt 0:00:11]} 66. Rxd2 {[%emt 0:01:00]} Rxa1 {[%emt 0:00:07]} 67. Rf2 {[%emt 0:00:17]} Re1 {[%emt 0:00:15]} 68. Kxa5 {[%emt 0:00:15]} Re5+ {[%emt 0:00:06]} 69. Kb6 {[%emt 0:00:08]} Rf5 {[%emt 0:00:07]} 0-1

[Event "Romanian-ch Open 2022"]
[Site "Eforie Nord"]
[Date "2022.02.22"]
[Round "4.9"]
[White "Nastore, Pavel-Alexandru"]
[Black "Istratescu, Andrei"]
[Result "1/2-1/2"]
[WhiteElo "2306"]
[BlackElo "2470"]
[Annotator "TA"]
[PlyCount "66"]
[EventDate "2022.02.20"]
[EventType "swiss"]
[EventCountry "ROU"]
[SourceTitle "playchess.com"]
[Source "ChessBase"]
[SourceQuality "1"]

{[%evp 19,66,15,18,28,33,13,25,27,23,15,38,33,37,20,25,16,38,26,19,0,0,0,0,0,0,0,0,0,0,0,0,0,0,0,0,0,0,-23,-17,-18,0,0,0,0,0,0,0,0,82]} 1. e4 e5 2. Nf3 Nc6 3. Bb5 a6 4. Ba4 Nf6 5. O-O Be7 6. Re1 b5 7. Bb3 O-O 8. a4 b4 9. d4 d6 10. dxe5 dxe5 11. Nbd2 $1 {The main line 11.Nbd2 scores better than 11.Qxd8. C88: Closed Ruy Lopez: Anti-Marshall Systems.} Bc5 12. h3 Bb7 13. a5 {White has an edge.} Qe7 14. Bc4 {[#]} Nd4 $146 ({Predecessor:} 14... Ne8 15. Nb3 Ba7 16. Bg5 Qd6 17. Qe2 Qg6 18. Bd5 Nd6 19. Be3 Rfe8 20. Nc5 Nd8 21. Nxb7 N6xb7 {1-0 (38) De Jong,M (2345)-Halfhide,S (1979) Dieren 2014}) 15. Nxd4 Bxd4 16. Qe2 Rfd8 17. Bd3 Nd7 18. Nb3 Nc5 19. Nxc5 Qxc5 20. Be3 Bc6 21. Bxd4 Rxd4 22. c3 bxc3 23. bxc3 Ra4 24. Rxa4 Bxa4 25. Ra1 Bb5 26. Bxb5 Qxb5 27. Qxb5 axb5 $11 {[%mdl 4096] Endgame KR-KR} 28. Rd1 {[%cal Ba1d1,Bd1d7,Bd7c7,Bc7b7,Bb7b5][%mdl 32]} Kf8 29. Rd7 {The position is equal.} Rxa5 30. Rxc7 Ra4 31. f3 Rc4 {To avoid Rc5} 32. Rb7 Rxc3 33. Rxb5 Ke8 {Weighted Error Value: White=0.04 (flawless) /Black=0.04 (flawless)} (33... Rc1+ $11 34. Kf2 Rc2+ 35. Kf1 f6) 1/2-1/2

[Event "Romanian-ch Open 2022"]
[Site "Eforie Nord"]
[Date "2022.02.22"]
[Round "4.10"]
[White "Stoleriu, George"]
[Black "Dobre, Claudiu-Cristian"]
[Result "1/2-1/2"]
[WhiteElo "2419"]
[BlackElo "2298"]
[Annotator "TA"]
[PlyCount "51"]
[EventDate "2022.02.20"]
[EventType "swiss"]
[EventCountry "ROU"]
[SourceTitle "playchess.com"]
[Source "ChessBase"]
[SourceQuality "1"]

{[%evp 15,51,22,23,12,31,27,33,25,62,25,56,51,64,56,67,48,54,46,59,50,52,44,52,13,12,0,0,-26,-14,-14,0,-8,-7,-21,0,0,0,-10]} 1. Nf3 d5 2. b3 Bf5 3. Bb2 e6 4. g3 h6 5. Bg2 Nf6 6. O-O Nbd7 7. d3 {[%cal Bd2d3,Bd3e4][%mdl 32]} Bd6 8. Nbd2 O-O 9. Re1 {[#] aiming for e4. A07: Réti Opening: New York and Capablanca Systems.} e5 10. e4 dxe4 11. dxe4 {[#] White is slightly better.} Bg4 $146 ({Predecessor:} 11... Be6 12. Qe2 c6 13. Nc4 Bxc4 14. Qxc4 Qc7 15. Rad1 Rad8 16. Nh4 b5 17. Qe2 Rfe8 {0-1 (39) Sosovicka,J (2123)-Zetocha,A (2025) Slovakia 2018}) 12. h3 (12. Nc4 $5 {[%cal Rc4d6]}) 12... Bxf3 13. Qxf3 Qe7 14. Nc4 {[%cal Bd2c4,Bc4e3,Be3g4][%mdl 32]} Bc5 15. Rad1 c6 16. h4 b5 17. Ne3 g6 {To avoid Nf5} 18. Bh3 (18. h5 {is more complex.} Rad8 19. Bh3 Kg7 20. Ng2 Bb4 21. Rf1) 18... Rad8 19. Bxd7 Nxd7 20. Ng4 {[%cal Od1d7] Strongly threatening Rxd7!} h5 21. Ne3 Nf6 22. Bc3 {The position is equal.} Qe6 23. Ba5 Bb6 24. Bb4 Rxd1 25. Rxd1 {[#] Threatens to win with Rd6.} Rd8 {Prevents Rd6.} 26. Rxd8+ {Weighted Error Value: White=0.11 (very precise) /Black=0.10 (very precise)} 1/2-1/2